000 006210000a22001810004500
003 MACL
005 20160519132045.0
008 160519b xxu||||| |||| 00| 0 eng d
040 _aMACL
_cMACL
041 _aHindi
082 _a891.433
100 _aवंघोपाध्‍याय, ताराशंकर
_958174
245 _aखजांची बाबू
_cताराशंकर वंघोपाध्‍याय
260 _bसंस्‍कृति साहित्‍य
_c2000
_aदिल्‍ली
350 _a150
650 _aLiteracture
_958175
942 _cHIN
_k891.433/VAN/N
_2ddc
999 _c12613
_d12613